000 00726nam a22002297a 4500
999 _c1201
_d1201
005 20221101103756.0
008 221101b ||||| |||| 00| 0 eng d
020 _a9781471866968
040 _cKH8
082 _a613.7 HAR
100 _aHartigan, Sue
_eAuthor.
245 _aEdexcel PE for GCSE /
_cSue Hartigan.
250 _a3rd. ed.
260 _aLondon,
_bHodder Education,
_c2016.
300 _a1 volume ;
_c28 cm.
500 _aIncludes Internet access. Includes index.
520 _aEnsure your students are fully supported throughout their course with Edexcel PE for GCSE Third Edition.
546 _aEnglish
650 _aEducation physique
650 _aPhysical Education and Training
942 _2ddc
_cTR